Niet bohatstva bez priemyslu
Väčšina slovenského priemyselného exportu je založená na cenovej konkurencieschopnosti nesofistikovaných výrobkov. Použitie priemyselnej produkcie. Predtransformačná podkapitalizácia priemyselných podnikov. Vývoj transformačného efektu. Vývoj základných ukazovateľov hospodárstva SR. Výrobné ceny v p...
Saved in:
| Main Author: | |
|---|---|
| Format: | Book Chapter |
| Language: | Slovak |
| Subjects: | |
| Tags: |
No Tags, Be the first to tag this record!
|
MARC
| LEADER | 00000naa a2200000 4500 | ||
|---|---|---|---|
| 001 | r036407 | ||
| 005 | 20230919123222.3 | ||
| 041 | 0 | |a slo | |
| 044 | |a SK | ||
| 245 | 1 | 0 | |a Niet bohatstva bez priemyslu |c Alexander Sotník |
| 520 | |a Väčšina slovenského priemyselného exportu je založená na cenovej konkurencieschopnosti nesofistikovaných výrobkov. Použitie priemyselnej produkcie. Predtransformačná podkapitalizácia priemyselných podnikov. Vývoj transformačného efektu. Vývoj základných ukazovateľov hospodárstva SR. Výrobné ceny v priemysle. | ||
| 610 | 2 | 0 | |a reformy hospodárske |
| 610 | 2 | 0 | |a priemysel |
| 610 | 2 | 0 | |a podkapitalizácia |
| 610 | 2 | 0 | |a podnik |
| 610 | 2 | 0 | |a konkurencieschopnosť |
| 610 | 2 | 0 | |a investície zahraničné |
| 610 | 2 | 0 | |a ukazovatele makroekonomické |
| 610 | 2 | 0 | |a transformácia |
| 610 | 2 | 0 | |a Slovensko |
| 100 | 1 | |a Sotník, Alexander | |